| 000 | 00519nam a2200181Ia 4500 | ||
|---|---|---|---|
| 005 | 20250326142532.0 | ||
| 008 | 250326s9999 xx 000 0 und d | ||
| 037 | _aTextbook | ||
| 040 |
_aFMSL _beng _cFMSL |
||
| 041 |
_aeng _2eng |
||
| 084 |
_aX:74y7 M3 _qFMSL |
||
| 100 |
_aChilver J _9286082 |
||
| 245 | 0 |
_aBusiness Decisions: A cross modular case study approach _cChilver J |
|
| 260 |
_aMacmillan _bMacmillan, Press _c1983 |
||
| 300 | _a179p | ||
| 942 |
_cTB _hX:74y7 M3 |
||
| 999 |
_c1295491 _d1295491 |
||